Library Banner

Israel aur bharat ke khufia toalqat = اسرائیل اور بھارت کے خفیہ تعلقات/ (Record no. 122358)

MARC details
000 -LEADER
fixed length control field 00562nam a2200157 4500
005 - DATE AND TIME OF LATEST TRANSACTION
control field 20210526091653.0
008 - FIXED-LENGTH DATA ELEMENTS--GENERAL INFORMATION
fixed length control field 210526b ||||| |||| 00| 0 eng d
040 ## - CATALOGING SOURCE
Transcribing agency PK-LaUMT
082 ## - DEWEY DECIMAL CLASSIFICATION NUMBER
Classification number RHC 327.5405694
Item number HAM-I
100 ## - MAIN ENTRY--PERSONAL NAME
Personal name Hahmid, Mahmood =حام، محمودد
245 ## - TITLE STATEMENT
Title Israel aur bharat ke khufia toalqat = اسرائیل اور بھارت کے خفیہ تعلقات/
Statement of responsibility, etc by Muhammad Hamid =از محمد حامد
260 ## - PUBLICATION, DISTRIBUTION, ETC. (IMPRINT)
Place of publication, distribution, etc Lahore :
Name of publisher, distributor, etc Mktaba Urdu Digest,
Date of publication, distribution, etc 1980
300 ## - PHYSICAL DESCRIPTION
Extent 128 p.
650 ## - SUBJECT ADDED ENTRY--TOPICAL TERM
Topical term or geographic name as entry element Foreign relations India and Israel
942 ## - ADDED ENTRY ELEMENTS (KOHA)
Koha item type Books
Holdings
Withdrawn status Lost status Damaged status Home library Current library Date acquired Full call number Barcode Date last seen Price effective from Koha item type
      UMT Main Campus UMT Main Campus 2021-05-26 RHC 327.5405694 HAM-I 136798 2021-05-26 2021-05-26 Books